| 000 | 00536nam a2200181 a 4500 | ||
|---|---|---|---|
| 001 | 000038237 | ||
| 005 | 20201002031215.0 | ||
| 008 | 130405s1975 dr 000 0 spa d | ||
| 040 |
_aDO-SdBNP _bspa _cBNPHU |
||
| 082 |
_axx _bxx |
||
| 100 | 1 |
_aMoreno Jimenes, Domingo _931950 |
|
| 245 | 1 | 0 |
_aAdolescencia y juventud / _cDomingo Moreno Jimenes. |
| 260 |
_aSanto Domingo : _bTaller , _c1975. |
||
| 300 |
_a317 p. ; _c21 cm. |
||
| 490 | 1 |
_aBiblioteca taller _v49 |
|
| 590 | _aInventariado, 2018/VM | ||
| 830 | 0 |
_aBiblioteca taller _n49 _964610 |
|
| 999 |
_c37727 _d37727 |
||